| 000 | 00492nam a2200181Ia 4500 | ||
|---|---|---|---|
| 003 | GCL | ||
| 008 | 140319s9999 xx 000 0 eng d | ||
| 040 |
_aGCL / _cGCL |
||
| 082 | 0 | 4 |
_a005.43 _bM W |
| 100 | 1 | _aMATTEWS, MARTINS | |
| 245 | 1 | 0 |
_aWINDOWS 95 ANSWERS: CERTIFIED TECH SUPPORT / _cMATTEWS, MARTINS |
| 700 | 1 | _aMATTEWS, CARELE BOGGS | |
| 260 |
_a[S.N] : _bMC GRAW - HILL ، _c1996 |
||
| 300 | _a352P | ||
| 650 | 0 | 4 | _aWINDOWS 95 |
| 650 | 0 | 4 | _aCOMPUTER - PROPGRAMME |
| 942 |
_2ddc _cBK |
||
| 999 |
_c13358 _d13358 |
||